000 01460cam a2200433 4500
999 _c23490
_d23490
001 vtls011875814
005 20221013125852.0
008 210906s2019 xo gr 000 f slo
020 _a9788081597213
_q(viazané)
035 _aurn:nbn:sk:snk-am00fi5p
035 _aurn:nbn:sk:snk-am3iuue
035 _a746F3BAF-3C24-4B70-9BB6-F8AE0A92BB31
040 _aPPPK
_bslo
_cPPPK
_dSNK
_erda
041 1 _aslo
_hnor
044 _axo
_cSK
072 7 _a821.11
_xGermánske literatúry
_2konspekt
080 _a821.113.4-31
_22011
080 _a(0:82-312.4)
_22011
100 1 _aSveen, Gard,
_d1969-
_4aut
_93722
240 1 0 _aBjørnen
_lSlovensky
245 1 0 _aMedveď
_cGard Sveen ; z nórčiny preložila Zuzana Demjánová
246 1 _iSéria:
_aTommy Bergmann
_nŠtvrtý zväzok
250 _aPrvé vydanie
264 1 _a[Bratislava]
_bPremedia
_c2019
300 _a285 strán
_c21 cm
336 _atext
_btxt
_2rdacontent
337 _abez média
_bn
_2rdamedia
338 _azväzok
_bnc
_2rdacarrier
490 1 _aLabyrint
_v37. zväzok
500 _aMiesto vydania podľa NA ISBN
500 _aObsahuje biografické údaje o autorovi na záložke prebalu publikácie
655 7 _anórske romány
_2SNKPH
_92134
655 7 _adetektívne romány
_2SNKPH
_91710
655 7 _aNorwegian fiction
_2SNKPHeng
_92136
655 7 _aDetective novels
_2SNKPHeng
_91711
700 1 _aDemjánová, Zuzana,
_d1977
_4trl
_93662
958 _aLX
958 _aUP